| 000 | 00737nam a2200217 a 4500 | ||
|---|---|---|---|
| 005 | 20250221063751.0 | ||
| 008 | 041022s1997 ag r 000 0 spa d | ||
| 020 | _a9507246479 | ||
| 035 | _aUPN01000135948 | ||
| 049 | _aCG | ||
| 050 | 4 |
_aLC214 _bG6.3 |
|
| 100 | 1 |
_aGonzález Cuberes, María Teresa, _d1941- _928881 |
|
| 245 | 1 | 0 |
_aChicos especiales e integración : _b¿mucho, poquito o nada? / _cMaría Teresa González Cuberes ; colab. Sandra Cedrón. |
| 260 |
_aBuenos Aires : _bLumen-Hvmanitas, _cc1997. |
||
| 300 | _a206 p. | ||
| 650 | 4 |
_aIntegración escolar _9306 |
|
| 650 | 2 |
_aArticulación (Educación) _92040 |
|
| 650 | 4 |
_aNiños con discapacidad _xEducación _91549 |
|
| 700 | 1 |
_aCedrón, Sandra, _ecolab. |
|
| 905 | _aLibro | ||
| 999 |
_c108099 _d108099 |
||